00726nac a22002051u 4500008004100000010001300041082001900054100003400073245005700107260004500164300003300209500001600242500004100258650002400299650001700323650002700340942002600367999001500393952011200408140904b xxu||||| |||| 00| 0 eng d a68069336 a616.0758bH231 aHarper, E. Gurney (Edwney)  aThe peripheral blood film /c [by] Trevor A. Harper. aLondon:b Butterworths, C.1968.cC.1968. aix, 134 p:b60 illusc22 cm. aDonations . aDonations - Bibliotheca Alexandrina. aBlood--Examination. aBlood cells. aDiagnosis, Laboratory. cBBk616.0758H2312ddc c3448d3448 00102ddc4070aMAINbMAINc1STd2012-04-07ePurchasel0o616.0758 HARp000030284r2025-07-15 00:00:00yBB